000 01769cam a2200421 i 4500
999 _c118898
_d118898
003 BJBSDDR
005 20230805181420.0
007 ta
008 150204s2015 caua b 000 0 eng c
020 _a9780804794091 (pbk. : alk. paper)
020 _a080479409X (pbk. : alk. paper)
040 _aCSt/DLC
_beng
_cCSt
041 _aeng
042 _apcc
050 1 4 _aHD 30.29
_bM717d 2015
082 0 0 _a658.4/03
100 1 _aMoldoveanu, Mihnea C.
245 1 4 _aThe design of insight :
_bhow to solve any business problem /
_cMihnea C. Moldoveanu and Olivier Leclerc.
264 1 _aStanford, California :
_bStanford Briefs, an imprint of Stanford University Press,
_c2015.
300 _aviii, 146 pages ;
_c21 cm
336 _atext
_2rdacontent
337 _aunmediated
_2rdamedia
338 _avolume
_2rdacarrier
504 _aIncludes bibliographical references.
505 0 _aWhat is this all about? The networks flexon The decision agent flexon The system dynamics flexon The evolutionary flexon The information processing flexon Problem solving and the design of insight
520 _aThe Design of Insight is a personal problem-solving platform that will enable readers to break out of familiar thought models and create innovative solutions for impactful change at any level in their business.
650 0 _aProblem solving.
650 0 _aInsight.
650 0 _aIndustrial management.
650 4 _aResolución de problemas.
_92050
650 4 _aConocimiento
_931278
650 4 _aGestión industrial
_9828
650 4 _aAdministración industrial
_914451
700 1 _aLeclerc, Olivier
_931279
906 _a7
_bcbc
_corignew
_d1
_eecip
_f20
_gy-gencatlg
942 _2lcc
_cBK